[Event "GER-chT U12"]
[Site "Verden"]
[Date "2012.12.30"]
[Round "7.4"]
[White "Voigt, Tobias"]
[Black "Rodzin, Konstantin"]
[Result "0-1"]
[WhiteElo "963"]
[BlackElo "999"]
[PlyCount "92"]
[EventDate "2012.12.27"]
[EventType "team-swiss"]
[EventRounds "7"]
[EventCountry "GER"]
[SourceTitle "EXT 2014"]
[Source "ChessBase"]
[SourceDate "2013.11.20"]
[SourceVersion "1"]
[SourceVersionDate "2013.11.20"]
[SourceQuality "1"]
[WhiteTeam "Muenchen Suedost"]
[BlackTeam "Gerresheim"]
[WhiteTeamCountry "GER"]
[BlackTeamCountry "GER"]

1. e4 d5 2. exd5 Qxd5 3. Nc3 Qd6 4. Nf3 a6 5. Bc4 Nf6 6. d4 Bf5 7. g3 Bg4 8. Bf4 Qb6 9. b3 Nc6 10. h3 Bxf3 11. Qxf3 Nxd4 12. Qd3 e6 13. 0-0-0 0-0-0 14. Be3 Nxb3+ 15. cxb3 Rxd3 16. Bxb6 Rxc3+ 17. Kb2 Rxc4 18. bxc4 cxb6 19. Rd3 Bc5 20. f3 Nd7 21. Rhd1 Ne5 22. R3d2 Nxf3 23. Kc2 Nxd2 24. Rxd2 Rd8 25. Re2 Kc7 26. h4 Rd4 27. g4 Rf4 28. h5 Rf3 29. g5 Rf2 30. Rxf2 Bxf2 31. a4 Be3 32. g6 hxg6 33. hxg6 fxg6 34. a5 bxa5 35. Kb3 b5 36. Ka2 g5 37. Ka3 g4 38. Ka2 g3 39. Ka3 g2 40. Ka2 g1Q 41. Ka3 Kc6 42. Kb3 Qg4 43. Ka2 Qxc4+ 44. Ka1 Bd4+ 45. Kb1 Qb3+ 46. Kc1 Qb2+ 0-1

[Event "GER-chT U12"]
[Site "Verden"]
[Date "2012.12.28"]
[Round "4.4"]
[White "Wagner, Tobias"]
[Black "Rodzin, Konstantin"]
[Result "1-0"]
[WhiteElo "1345"]
[BlackElo "999"]
[PlyCount "101"]
[EventDate "2012.12.27"]
[EventType "team-swiss"]
[EventRounds "7"]
[EventCountry "GER"]
[SourceTitle "EXT 2014"]
[Source "ChessBase"]
[SourceDate "2013.11.20"]
[SourceVersion "1"]
[SourceVersionDate "2013.11.20"]
[SourceQuality "1"]
[WhiteTeam "Magdeburg Aufbau Elbe"]
[BlackTeam "Gerresheim"]
[WhiteTeamCountry "GER"]
[BlackTeamCountry "GER"]

1. e4 e5 2. Nf3 Nf6 3. Nxe5 d6 4. Nf3 Nxe4 5. Nc3 Nf6 6. d4 Be7 7. Bd3 Nc6 8. 0-0 0-0 9. Re1 Re8 10. Bg5 Bd7 11. Ne2 Bg4 12. Ng3 Nxd4 13. Bxh7+ Nxh7 14. Qxd4 Bxf3 15. Bxe7 Rxe7 16. gxf3 Ng5 17. Kg2 Qd7 18. Qg4 Qxg4 19. fxg4 Rae8 20. Rxe7 Rxe7 21. f4 Ne6 22. Rf1 Nd4 23. c3 Nc6 24. b4 a6 25. Kf3 f6 26. Nf5 Re8 27. Ne3 Ne7 28. f5 c6 29. Rf2 d5 30. Re2 Kf7 31. Ng2 g6 32. fxg6+ Nxg6 33. Rxe8 Kxe8 34. Nf4 Ne5+ 35. Kg3 Kf7 36. h3 b6 37. h4 Nc4 38. g5 fxg5 39. hxg5 Ne5 40. Kh4 Ng6+ 41. Kg4 Nxf4 42. Kxf4 Kg6 43. Kg4 Kf7 44. Kf5 c5 45. Ke5 cxb4 46. cxb4 a5 47. b5 Kg6 48. Kxd5 Kxg5 49. Kc6 Kf6 50. Kxb6 Ke7 51. Kxa5 1-0

[Event "GER-chT U12"]
[Site "Verden"]
[Date "2012.12.27"]
[Round "2.4"]
[White "Kurz, Annika"]
[Black "Rodzin, Konstantin"]
[Result "0-1"]
[WhiteElo "963"]
[BlackElo "999"]
[PlyCount "114"]
[EventDate "2012.12.27"]
[EventType "team-swiss"]
[EventRounds "7"]
[EventCountry "GER"]
[SourceTitle "EXT 2014"]
[Source "ChessBase"]
[SourceDate "2013.11.20"]
[SourceVersion "1"]
[SourceVersionDate "2013.11.20"]
[SourceQuality "1"]
[WhiteTeam "Wadern Turm"]
[BlackTeam "Gerresheim"]
[WhiteTeamCountry "GER"]
[BlackTeamCountry "GER"]

1. e4 e5 2. Nf3 Nf6 3. Nxe5 d6 4. Nf3 Nxe4 5. d3 Nf6 6. Bg5 Nc6 7. Nc3 Be7 8. g3 Bg4 9. Bg2 Nd4 10. 0-0 0-0 11. h3 Bxf3 12. Bxf3 c6 13. Bg4 Nxg4 14. Qxg4 Nxc2 15. Bh6 Bf6 16. Rac1 Nd4 17. Ne4 Re8 18. Rfe1 d5 19. Nxf6+ Qxf6 20. Rxe8+ Rxe8 21. Bg5 Nf3+ 22. Kg2 Nxg5 23. Re1 Kf8 24. Rxe8+ Kxe8 25. Qc8+ Qd8 26. Qxb7 Qd7 27. Qb8+ Ke7 28. Qe5+ Ne6 29. f4 Qd6 30. Qe2 Kd7 31. f5 Nd4 32. Qg4 Qf6 33. Qh5 Qxf5 34. Qxf5+ Nxf5 35. g4 Ne3+ 36. Kf3 d4 37. Ke4 c5 38. b4 Kd6 39. a3 Nc2 40. bxc5+ Kxc5 41. a4 Kb4 42. Ke5 Kc3 43. Ke4 Ne1 44. g5 Nxd3 45. h4 Nc5+ 46. Kf3 d3 47. Ke3 d2 48. Ke2 Kc2 49. a5 d1Q+ 50. Ke3 Qd3+ 51. Kf4 Ne6+ 52. Ke5 Qb5+ 53. Ke4 Qd3+ 54. Ke5 Kc3 55. a6 Kc4 56. g6 Qd4+ 57. Kf5 Qf4# 0-1